| 000 | 00927nam a22002537a 4500 | ||
|---|---|---|---|
| 999 |
_c65923 _d65923 |
||
| 005 | 20240530110850.0 | ||
| 008 | 200912s2020 ua a f b 000 0dara d | ||
| 017 |
_a2020/2672 _bمصر. دار الكتب |
||
| 020 | _a9789777802062 | ||
| 040 |
_aEG-CaGPL _cEG-CaGPL |
||
| 082 | 0 | 4 |
_221 _a332.6\ _bح ع |
| 100 | 0 | _aحنان موسى | |
| 245 | 1 | 2 |
_aالعلاقات العامة والازمات المالية : _bالواقع والمأمول / _cحنان موسى |
| 250 | _aط.1 | ||
| 260 |
_aالقاهرة : _bعالم الكتب، _c2020 |
||
| 300 |
_a240 ص. ؛ _c24 سم. |
||
| 504 | _aيشتمل على ارجاعات ببليوجرافية | ||
| 650 | 0 | 7 |
_aالعلاقات العامة _2qrmak |
| 650 | 0 | 7 |
_aالازمة المالية العالمية _2qrmak |
| 650 | 0 | 7 |
_aادارة الازمات _2qrmak |
| 651 | _2qrmak | ||
| 942 |
_2ddc _cBK |
||